000 00696nam a2200241Ia 4500
005 20260629163254.0
008 260629s9999||||xx |||||||||||||| ||und||
020 _a9788172235635
_qpbk
082 _a869.342
_bCOE
100 _aCoelho, Paulo
245 0 _aEleven minutes
250 _a1st ed. 2003 ; 18th imp. 2011
260 _aNoida
_bHarperCollins Publishers India
_c2003
300 _axi, 275p. ; 20cm.
653 _aLove—Fiction
653 _aOnze minutos. English
653 _aProstitutes—Fiction
653 _aPsychological fiction
653 _aSelf-realization—Fiction
653 _aWomen—Brazil—Fiction
700 _aCosta, Margaret Jull [tr.]
942 _cBK
999 _c57312
_d57312